000
00335nam a2200145Ia 4500
008
230718s9999 xx 000 0 und d
041
_a
Eng.
082
_a
796.34
_b
MIL-C
100
_a
Milmo Particle
245
0
_a
Catley on libelad
260
_a
Pakistan
_b
offer urinaly Prom
_c
2001
300
_a
276
650
_a
Law
999
_c
26500
_d
26500